La neurosis de clase : (Record no. 9316)
[ view plain ]
| 000 -LEADER | |
|---|---|
| fixed length control field | 01379nam a22003737a 4500 |
| 005 - DATE AND TIME OF LATEST TRANSACTION | |
| control field | 20230922165406.0 |
| 008 - FIXED-LENGTH DATA ELEMENTS--GENERAL INFORMATION | |
| fixed length control field | 230922b ||||| |||| 00| 0 spa d |
| 020 ## - INTERNATIONAL STANDARD BOOK NUMBER | |
| International Standard Book Number | 9789876093996 |
| 040 ## - CATALOGING SOURCE | |
| Transcribing agency | AR-FvUNAJ |
| 082 14 - DEWEY DECIMAL CLASSIFICATION NUMBER | |
| Edition number | 14 |
| Classification number | 306.3 |
| 100 1# - MAIN ENTRY--PERSONAL NAME | |
| 9 (RLIN) | 18260 |
| Personal name | Gaulejac, Vincent de |
| 245 13 - TITLE STATEMENT | |
| Title | La neurosis de clase : |
| Remainder of title | trayectoria social y conflictos de identidad por una sociología clínica / |
| Statement of responsibility, etc | Vicent de Gaulejac |
| 250 ## - EDITION STATEMENT | |
| Edition statement | 1a. ed. |
| 260 ## - PUBLICATION, DISTRIBUTION, ETC. (IMPRINT) | |
| Place of publication, distribution, etc | Buenos Aires : |
| Name of publisher, distributor, etc | Del nuevo Extremo, |
| Date of publication, distribution, etc | 2013. |
| 300 ## - PHYSICAL DESCRIPTION | |
| Extent | 280 p. |
| 500 ## - GENERAL NOTE | |
| General note | Posee como epílogo correspondencia escrita al autor por parte de Annie Ernaux. |
| 505 2# - FORMATTED CONTENTS NOTE | |
| Title | Prólogo. |
| 505 2# - FORMATTED CONTENTS NOTE | |
| Title | Introducción. |
| 505 2# - FORMATTED CONTENTS NOTE | |
| Title | 1. Historia e historicidad. |
| 505 2# - FORMATTED CONTENTS NOTE | |
| Title | 2. Ubicación y desplazamiento. |
| 505 2# - FORMATTED CONTENTS NOTE | |
| Title | 3. Cambio de clase y conflictos de identidad. |
| 505 2# - FORMATTED CONTENTS NOTE | |
| Title | 4. Neurosis y neurosis de clase. |
| 505 2# - FORMATTED CONTENTS NOTE | |
| Title | 5. El complejo de inferioridad. |
| 505 2# - FORMATTED CONTENTS NOTE | |
| Title | 6. El Edipo como complejo socio-sexual. |
| 505 2# - FORMATTED CONTENTS NOTE | |
| Title | 7. Disociación del Yo y desdoblamiento. |
| 505 2# - FORMATTED CONTENTS NOTE | |
| Title | 8. Elecciones y soportes metodológicos. |
| 505 2# - FORMATTED CONTENTS NOTE | |
| Title | Por una sociología clínica. |
| 505 2# - FORMATTED CONTENTS NOTE | |
| Title | Epílogo- Carta de Annie Ernaux. |
| 505 2# - FORMATTED CONTENTS NOTE | |
| Title | Bibliografía. |
| 650 27 - SUBJECT ADDED ENTRY--TOPICAL TERM | |
| 9 (RLIN) | 983 |
| Topical term or geographic name as entry element | SOCIOLOGIA ECONOMICA |
| Source of heading or term | unescot |
| 650 27 - SUBJECT ADDED ENTRY--TOPICAL TERM | |
| 9 (RLIN) | 788 |
| Topical term or geographic name as entry element | CLASE SOCIAL |
| Source of heading or term | unescot |
| 942 ## - ADDED ENTRY ELEMENTS (KOHA) | |
| Source of classification or shelving scheme | Dewey Decimal Classification |
| Item type | Libro, folleto, traducción |
| 980 ## - EQUIVALENCE OR CROSS-REFERENCE-SERIES STATEMENT--PERSONAL NAME/TITLE [LOCAL, CANADA] | |
| Linkage | 21567 |
| Personal name | Villalba |
| Field link and sequence number | 21567 |
| Miscellaneous information | Villalba |
| Withdrawn status | Lost status | Source of classification or shelving scheme | Damaged status | Not for loan | Home library | Current library | Date acquired | Source of acquisition | Total Checkouts | Full call number | Barcode | Date last seen | Price effective from | Koha item type |
|---|---|---|---|---|---|---|---|---|---|---|---|---|---|---|
| Dewey Decimal Classification | Biblioteca Central | Biblioteca Central | 22/09/2023 | Donación. | 306.3 GAU | UNAJ23090267 | 17/03/2025 | 22/09/2023 | Libro, folleto, traducción |